Rzeczy kojarzące się z zimą na obrazkach - Statystyki

Ogólne statystyki
  • Ten quiz został rozwiązany 21 razy
    13 od ostatniego zresetowania
  • Średni wynik to 15 z 16
Statystyki odpowiedzi
Obrazkowy Odpowiedź % Poprawnych
Barszczyk
100%
Bombka
100%
Choinka
100%
Nowy rok/sylwester/fajerwerki
100%
Pierniki
100%
Prezenty
100%
Renifer
100%
Sanie
100%
Światełka/lampki
100%
Święty Mikołaj
100%
Aniołek
91%
Kurtka
91%
Makowiec
91%
Niedźwiedź polarny
91%
Śnieg
91%
Wigilia
82%
Nie znaleziono quizów pasujących do podanych kryteriów
Rozkład punktacji
Procent ludzi z każdym wynikiem
Percentyl według liczby udzielonych odpowiedzi
Twoja historia wyników
Nie rozwiązałeś tego quizu od ostatniego zresetowania